[Event "Medellin Raza op 7th"]
[Site "Medellin"]
[Date "2017.10.20"]
[Round "4"]
[White "Blandon Villa, Diego F"]
[Black "Echavarria, Johann"]
[Result "1-0"]
[WhiteElo "2216"]
[BlackElo "2298"]
[PlyCount "143"]
[EventDate "2017.10.18"]
[EventType "swiss"]
[EventRounds "9"]
[EventCountry "COL"]
[SourceTitle "CBM 181 Extra"]
[Source "ChessBase"]
[SourceDate "2017.12.12"]
[SourceVersion "1"]
[SourceVersionDate "2017.12.12"]
[SourceQuality "1"]

1. e4 c5 2. Nf3 Nc6 3. d4 cxd4 4. Nxd4 Nf6 5. Nc3 e6 6. Ndb5 d6 7. Bf4 e5 8. Bg5 a6 9. Bxf6 gxf6 10. Na3 f5 11. Nc4 b5 12. Ne3 b4 13. Ncd5 fxe4 14. g3 Bg7 15. Bg2 0-0 16. Bxe4 f5 17. Bg2 e4 18. 0-0 a5 19. c3 Ba6 20. Re1 Ne5 21. Qh5 Bc8 22. g4 fxg4 23. Bxe4 Nf3+ 24. Kh1 h6 25. Nxg4 Bxg4 26. Qxg4 Nxe1 27. Qe6+ Rf7 28. Bg6 Qe8 29. Bxf7+ Qxf7 30. Rxe1 bxc3 31. bxc3 Qxe6 32. Rxe6 Rb8 33. a4 Rb1+ 34. Kg2 Ra1 35. Re4 Rd1 36. c4 Ra1 37. Nb6 Rb1 38. Nc8 Rb4 39. Nxd6 Rxa4 40. Kf3 Bf8 41. Rg4+ Kh7 42. Ne8 h5 43. Rf4 Bh6 44. Rd4 Ra2 45. c5 Rc2 46. Rd7+ Kg8 47. Nf6+ Kf8 48. Ra7 Bd2 49. Ke4 Bb4 50. Nd7+ Ke7 51. Ne5+ Kf6 52. Ra6+ Ke7 53. c6 Kd6 54. f4 Re2+ 55. Kf5 Bc3 56. c7+ Kxc7 57. Rc6+ Kb7 58. Rxc3 Rxh2 59. Kg5 Kb6 60. f5 Re2 61. Nf3 Re8 62. f6 Kb5 63. f7 Rf8 64. Nd4+ Kb4 65. Rc7 a4 66. Ne6 Rh8 67. f8Q+ Rxf8 68. Nxf8 a3 69. Ra7 Kb3 70. Ne6 a2 71. Nd4+ Kb2 72. Rb7+ 1-0

[Event "Clemente Vazquez Memorial-A"]
[Site "Santa Maria del Mar"]
[Date "2017.09.30"]
[Round "9"]
[White "Blandon Villa, Diego F"]
[Black "Martinez Duany, Lelys Stanley"]
[Result "0-1"]
[WhiteElo "2216"]
[BlackElo "2511"]
[PlyCount "88"]
[EventDate "2017.09.22"]
[EventType "tourn"]
[EventRounds "9"]
[EventCountry "CUB"]
[EventCategory "8"]
[SourceTitle "EXT 2019"]
[Source "ChessBase"]
[SourceDate "2018.10.10"]
[SourceVersion "1"]
[SourceVersionDate "2018.10.10"]
[SourceQuality "1"]

1. e4 c5 2. Nf3 g6 3. d4 cxd4 4. Nxd4 Bg7 5. c4 Nc6 6. Be3 Nf6 7. Nc3 0-0 8. Be2 d6 9. 0-0 Nd7 10. Kh1 Nc5 11. f4 Bd7 12. Qd2 a5 13. Ndb5 b6 14. Rab1 Bc8 15. b3 Bb7 16. a3 Na7 17. Bxc5 bxc5 18. Bf3 Nxb5 19. cxb5 Qb6 20. a4 Rfc8 21. Qd3 e6 22. f5 Qd8 23. Ne2 Be5 24. g3 Qe7 25. Bg2 Rd8 26. Nf4 Rac8 27. Rbe1 Re8 28. Qd2 c4 29. fxe6 fxe6 30. Qxa5 cxb3 31. Qb6 Rc4 32. Nxe6 Bc3 33. Rb1 Rxa4 34. Rxb3 Ba5 35. Qf2 Qxe6 36. Rf3 Bxe4 37. Rf8+ Kg7 38. Rf7+ Kh8 39. Rf8+ Rxf8 40. Qxf8+ Qg8 41. Bxe4 Rxe4 42. Qxd6 Re8 43. b6 Qg7 44. b7 Qxb7+ 0-1

[Event "Clemente Vazquez Memorial-A"]
[Site "Santa Maria del Mar"]
[Date "2017.09.29"]
[Round "8"]
[White "Vera Siguenas, Deivy Anthoni"]
[Black "Blandon Villa, Diego F"]
[Result "1/2-1/2"]
[WhiteElo "2528"]
[BlackElo "2216"]
[PlyCount "122"]
[EventDate "2017.09.22"]
[EventType "tourn"]
[EventRounds "9"]
[EventCountry "CUB"]
[EventCategory "8"]
[SourceTitle "EXT 2019"]
[Source "ChessBase"]
[SourceDate "2018.10.10"]
[SourceVersion "1"]
[SourceVersionDate "2018.10.10"]
[SourceQuality "1"]

1. e4 c6 2. d4 d5 3. Nc3 dxe4 4. Nxe4 Nd7 5. Ng5 Ngf6 6. Bd3 e6 7. N1f3 Bd6 8. Qe2 h6 9. Ne4 Nxe4 10. Qxe4 Qc7 11. 0-0 b6 12. Re1 Bb7 13. Qe2 c5 14. Be4 0-0 15. Bxb7 Qxb7 16. dxc5 Bxc5 17. Bd2 Rfe8 18. Rad1 Rad8 19. Bc3 Bf8 20. b3 b5 21. Nd4 a6 22. Rd3 Nf6 23. Bb2 b4 24. Red1 Rd5 25. Nf3 Rxd3 26. Rxd3 Nd5 27. g3 Rc8 28. Ne5 a5 29. Rd4 Be7 30. Nc4 Rc5 31. Re4 a4 32. Bd4 Rc7 33. Rg4 Bf6 34. Be5 Rd7 35. bxa4 h5 36. Re4 Bxe5 37. Rxe5 Nc3 38. Qf1 Rd1 39. Re1 Qf3 40. Rxd1 Ne2+ 41. Qxe2 Qxe2 42. Ne3 Qa6 43. Rd4 Qxa4 44. h4 f6 45. Rc4 Kf7 46. c3 Qxa2 47. cxb4 g5 48. Kg2 gxh4 49. Rxh4 Kg6 50. Rc4 Qb3 51. Rc6 e5 52. Rb6 Kg5 53. Rb8 h4 54. gxh4+ Kxh4 55. b5 Kg5 56. b6 f5 57. b7 f4 58. Nf5 Qd5+ 59. Kh2 Qf3 60. Rg8+ Kxf5 61. b8Q Qxf2+ 1/2-1/2

[Event "Clemente Vazquez Memorial-A"]
[Site "Santa Maria del Mar"]
[Date "2017.09.22"]
[Round "1"]
[White "Blandon Villa, Diego F"]
[Black "Gallego Alcaraz, Andres Felipe"]
[Result "1/2-1/2"]
[WhiteElo "2216"]
[BlackElo "2465"]
[PlyCount "30"]
[EventDate "2017.09.22"]
[EventType "tourn"]
[EventRounds "9"]
[EventCountry "CUB"]
[EventCategory "8"]
[SourceTitle "EXT 2019"]
[Source "ChessBase"]
[SourceDate "2018.10.10"]
[SourceVersion "1"]
[SourceVersionDate "2018.10.10"]
[SourceQuality "1"]

1. e4 c5 2. Nf3 d6 3. d4 cxd4 4. Nxd4 Nf6 5. Nc3 Nc6 6. Bg5 e6 7. Qd2 a6 8. f3 h6 9. Be3 Qc7 10. 0-0-0 Rb8 11. Kb1 Ne5 12. f4 Nc6 13. Be2 Nd7 14. Bh5 Nxd4 15. Bxd4 b5 1/2-1/2

[Event "Medellin Flores op 24th"]
[Site "Medellin"]
[Date "2017.08.05"]
[Round "5"]
[White "Blandon Villa, Diego F"]
[Black "Zapata Cuartas, Juan Carlos"]
[Result "0-1"]
[WhiteElo "2234"]
[BlackElo "2086"]
[PlyCount "92"]
[EventDate "2017.08.03"]
[EventType "swiss"]
[EventRounds "9"]
[EventCountry "COL"]
[SourceTitle "CBM 179 Extra"]
[Source "ChessBase"]
[SourceDate "2017.08.23"]
[SourceVersion "1"]
[SourceVersionDate "2017.08.23"]
[SourceQuality "1"]

1. e4 c5 2. Nf3 d6 3. d4 cxd4 4. Nxd4 Nf6 5. Nc3 a6 6. Bg5 e6 7. f4 Be7 8. Qf3 Qc7 9. 0-0-0 Nbd7 10. g4 b5 11. Bxf6 Nxf6 12. g5 Nd7 13. f5 Bxg5+ 14. Kb1 Ne5 15. Qh5 Qe7 16. fxe6 g6 17. exf7+ Kxf7 18. Qe2 Bg4 19. Qf2+ Qf6 20. Qxf6+ Bxf6 21. Be2 Bxe2 22. Ndxe2 Nc4 23. Rd3 b4 24. Nd5 Bxb2 25. Rf1+ Kg7 26. Nef4 Rhe8 27. Nc7 Rac8 28. Nfe6+ Kg8 29. Nxe8 Rxe8 30. Ng5 Bc3 31. Rg1 Kg7 32. h3 h6 33. Nf3 Rxe4 34. Rg4 Na3+ 35. Kc1 Rxg4 36. hxg4 Nc4 37. Nd4 Kf6 38. Ne2 Be5 39. c3 bxc3 40. Nxc3 Kg5 41. Kc2 Kxg4 42. Kb3 Na5+ 43. Ka4 Nb7 44. Kb4 Nc5 45. Rd1 h5 46. Rg1+ Bg3 0-1

[Event "American Continental 13th"]
[Site "Medellin"]
[Date "2017.06.13"]
[Round "5"]
[White "Blandon Villa, Diego F"]
[Black "Guerrero, Hernando"]
[Result "1-0"]
[WhiteElo "2220"]
[BlackElo "1893"]
[PlyCount "39"]
[EventDate "2017.06.10"]
[EventType "swiss"]
[EventRounds "11"]
[EventCountry "COL"]
[SourceTitle "CBM 178 Extra"]
[Source "ChessBase"]
[SourceDate "2017.06.22"]
[SourceVersion "1"]
[SourceVersionDate "2017.06.22"]
[SourceQuality "1"]

1. e4 d5 2. exd5 Qxd5 3. Nc3 Qd6 4. d4 Nf6 5. Bc4 Bg4 6. f3 Bf5 7. Nge2 c6 8. Bf4 Qd8 9. Qd2 e6 10. 0-0-0 Nbd7 11. g4 Bg6 12. h4 h6 13. Bd3 Bxd3 14. Qxd3 Nd5 15. Nxd5 cxd5 16. g5 h5 17. g6 f6 18. Rhe1 Qb6 19. Nc3 Be7 20. Qe2 1-0

[Event "Medellin Easter op 7th"]
[Site "Medellin"]
[Date "2017.04.14"]
[Round "5"]
[White "Blandon Villa, Diego F"]
[Black "Chirivi Castiblanco, Angie Lizeth"]
[Result "0-1"]
[WhiteElo "2282"]
[BlackElo "2080"]
[PlyCount "60"]
[EventDate "2017.04.12"]
[EventType "swiss"]
[EventRounds "8"]
[EventCountry "COL"]
[SourceTitle "CBM 177 Extra"]
[Source "ChessBase"]
[SourceDate "2017.04.27"]
[SourceVersion "1"]
[SourceVersionDate "2017.04.27"]
[SourceQuality "1"]

1. e4 e5 2. Nf3 Nc6 3. Bb5 a6 4. Ba4 Nf6 5. d3 d6 6. c3 b5 7. Bc2 Be7 8. 0-0 0-0 9. Nbd2 Re8 10. Re1 Bf8 11. a4 Bb7 12. d4 g6 13. Bd3 exd4 14. cxd4 Nb4 15. Bb1 c5 16. d5 Nd7 17. Nf1 Bg7 18. Bg5 Qc7 19. Qd2 bxa4 20. Ne3 Ne5 21. Nxe5 Rxe5 22. Ng4 Rxg5 23. Qxg5 Bxb2 24. Rxa4 Re8 25. Ba2 Bc8 26. Re2 Bxg4 27. Qxg4 Bd4 28. Bc4 h5 29. Qf3 Qd7 30. Bxa6 Qxa4 0-1

[Event "Medellin Castro Memorial"]
[Site "Medellin"]
[Date "2015.05.03"]
[Round "6"]
[White "Sierra Mejia, Juan Pablo"]
[Black "Blandon Villa, Diego F"]
[Result "1/2-1/2"]
[WhiteElo "2055"]
[BlackElo "2256"]
[PlyCount "89"]
[EventDate "2015.04.30"]
[EventType "swiss"]
[EventRounds "7"]
[EventCountry "COL"]
[SourceTitle "CBM 166 Extra"]
[Source "ChessBase"]
[SourceDate "2015.06.18"]
[SourceVersion "1"]
[SourceVersionDate "2015.06.18"]
[SourceQuality "1"]

1. d4 d5 2. Bg5 f6 3. Bh4 Nh6 4. e3 c5 5. Nc3 Nf5 6. Bg3 cxd4 7. exd4 Nc6 8. Nf3 e6 9. Qd2 Bb4 10. a3 Ba5 11. Bb5 0-0 12. Bxc6 bxc6 13. b4 Bc7 14. 0-0 e5 15. dxe5 Nxg3 16. hxg3 fxe5 17. Rfe1 e4 18. Nd4 Qf6 19. Na4 Bg4 20. c3 Rf7 21. b5 cxb5 22. Nxb5 Be5 23. Rab1 h5 24. Rb2 Rd8 25. Qe3 h4 26. Nc5 hxg3 27. fxg3 a6 28. Nd4 Rc8 29. Ncb3 Qd6 30. Qg5 Bd7 31. Re3 Qxa3 32. Qxe5 Qxb2 33. Re2 Qxc3 34. Qxd5 Qxg3 35. Rxe4 Qf2+ 36. Kh1 Re8 37. Nc5 Rxe4 38. Nxe4 Qe1+ 39. Kh2 Qh4+ 40. Kg1 Kf8 41. Nf3 Qh6 42. Neg5 Re7 43. Ne5 Qb6+ 44. Kh1 Qh6+ 45. Kg1 1/2-1/2

[Event "Pan American-ch U20"]
[Site "Asuncion"]
[Date "2014.06.22"]
[Round "3"]
[White "Vazquez, Guillermo"]
[Black "Blandon Villa, Diego F"]
[Result "1/2-1/2"]
[WhiteElo "2330"]
[BlackElo "2220"]
[PlyCount "75"]
[EventDate "2014.06.21"]
[EventType "swiss"]
[EventRounds "9"]
[EventCountry "PAR"]
[SourceTitle "CBM 161 Extra"]
[Source "ChessBase"]
[SourceDate "2014.08.29"]
[SourceVersion "1"]
[SourceVersionDate "2014.08.29"]
[SourceQuality "1"]

1. e4 c5 2. Nf3 d6 3. d4 cxd4 4. Nxd4 Nf6 5. Nc3 g6 6. g3 Nc6 7. Nde2 h5 8. h3 Bd7 9. Bg2 Qc8 10. Nd5 Bg7 11. a4 Rb8 12. Nef4 b5 13. axb5 Rxb5 14. 0-0 0-0 15. c3 Re8 16. Kh2 Qb8 17. Ra2 Bc8 18. Nd3 Nd7 19. f4 Nb6 20. Nxb6 Qxb6 21. f5 gxf5 22. Nf4 fxe4 23. Bxe4 Qc5 24. b4 Qc4 25. Re2 Re5 26. Bd5 Rxd5 27. Nxd5 Ne5 28. Rf4 Qc6 29. Ref2 Be6 30. c4 Nxc4 31. Ne3 Ne5 32. Nf5 Bxf5 33. Rxf5 Rc8 34. Bb2 e6 35. Bxe5 exf5 36. Bxg7 Kxg7 37. Qxh5 Qe4 38. Qg5+ 1/2-1/2

[Event "Pan American-ch U20"]
[Site "Asuncion"]
[Date "2014.06.21"]
[Round "1"]
[White "Heinechen, Juan"]
[Black "Blandon Villa, Diego F"]
[Result "1/2-1/2"]
[WhiteElo "1767"]
[BlackElo "2220"]
[PlyCount "69"]
[EventDate "2014.06.21"]
[EventType "swiss"]
[EventRounds "9"]
[EventCountry "PAR"]
[SourceTitle "CBM 161 Extra"]
[Source "ChessBase"]
[SourceDate "2014.08.29"]
[SourceVersion "1"]
[SourceVersionDate "2014.08.29"]
[SourceQuality "1"]

1. e4 c5 2. Nc3 Nc6 3. g3 g6 4. Bg2 Bg7 5. d3 e6 6. f4 Nge7 7. Nf3 d6 8. 0-0 0-0 9. Be3 Nd4 10. Qd2 Qa5 11. Nd5 Nec6 12. Qxa5 Nxa5 13. Bxd4 Bxd4+ 14. Nxd4 exd5 15. Nb5 dxe4 16. Bxe4 Rd8 17. Nc7 Rb8 18. f5 Nc6 19. fxg6 hxg6 20. Rf6 Ne5 21. Bd5 a6 22. c3 Bf5 23. d4 Rd7 24. dxe5 dxe5 25. Nxa6 bxa6 26. c4 Rxb2 27. Rxa6 Bd3 28. Re1 Kg7 29. Rc6 Rxa2 30. Rxe5 Ra1+ 31. Kg2 Rda7 32. Rxc5 R7a2+ 33. Kf3 Rxh2 34. Rc7 Rf1+ 35. Ke3 1/2-1/2

[Event "Antioquia-ch"]
[Site "Bagre Antioquia"]
[Date "2014.04.24"]
[Round "2"]
[White "Posada, Juan Manuel"]
[Black "Blandon Villa, Diego F"]
[Result "0-1"]
[WhiteElo "2134"]
[BlackElo "2212"]
[PlyCount "74"]
[EventDate "2014.04.23"]
[EventType "tourn"]
[EventRounds "11"]
[EventCountry "COL"]
[SourceTitle "CBM 160 Extra"]
[Source "ChessBase"]
[SourceDate "2014.07.01"]
[SourceVersion "1"]
[SourceVersionDate "2014.07.01"]
[SourceQuality "1"]

1. e4 c5 2. Nf3 d6 3. d4 Nf6 4. Nc3 cxd4 5. Nxd4 g6 6. Bg5 Bg7 7. Bb5+ Nbd7 8. Qd2 h6 9. Bh4 0-0 10. 0-0-0 a6 11. Be2 Qc7 12. f4 b5 13. Bf3 Bb7 14. Rhe1 e5 15. fxe5 dxe5 16. Nb3 g5 17. Bg3 Rfd8 18. Nd5 Nxd5 19. exd5 Rac8 20. Kb1 Qd6 21. Na5 Rc7 22. h4 gxh4 23. Bxh4 Re8 24. Nc6 Nb6 25. b3 Bc8 26. Qa5 Rb7 27. Bf2 Na8 28. Qxa6 Nc7 29. Qa5 Bf5 30. Qb4 Qg6 31. Rd2 e4 32. Bxe4 Bxe4 33. Rxe4 Rxe4 34. Ne7+ Kh7 35. Nxg6 Rxb4 36. Ne7 Ne8 37. d6 Nxd6 0-1

[Event "Antioquia-ch"]
[Site "Bagre Antioquia"]
[Date "2014.04.23"]
[Round "1"]
[White "Blandon Villa, Diego F"]
[Black "Gallego Alcaraz, Andres Felipe"]
[Result "0-1"]
[WhiteElo "2212"]
[BlackElo "2433"]
[PlyCount "64"]
[EventDate "2014.04.23"]
[EventType "tourn"]
[EventRounds "11"]
[EventCountry "COL"]
[SourceTitle "CBM 160 Extra"]
[Source "ChessBase"]
[SourceDate "2014.07.01"]
[SourceVersion "1"]
[SourceVersionDate "2014.07.01"]
[SourceQuality "1"]

1. e4 c5 2. Nf3 Nc6 3. d4 cxd4 4. Nxd4 e5 5. Nb5 d6 6. N1c3 a6 7. Na3 Be7 8. g3 b5 9. Nd5 Nf6 10. Bg2 h5 11. c4 h4 12. Be3 Rb8 13. cxb5 axb5 14. Rc1 Nxd5 15. Qxd5 Nb4 16. Qb3 Na6 17. Nxb5 0-0 18. a4 Be6 19. Qd1 Nc5 20. Bxc5 dxc5 21. 0-0 Qa5 22. Rc3 Rfd8 23. Qc2 c4 24. gxh4 Bb4 25. Rg3 Rd2 26. Qc1 Be7 27. Bh3 Bxh4 28. Rc3 Rbd8 29. Bxe6 fxe6 30. Rh3 Bxf2+ 31. Kh1 Qxa4 32. Na3 Rd1 0-1

[Event "COL-ch U20"]
[Site "Bogota"]
[Date "2014.03.13"]
[Round "2"]
[White "Gonzalez, Andres Felipe"]
[Black "Blandon Villa, Diego F"]
[Result "0-1"]
[WhiteElo "1995"]
[BlackElo "2191"]
[PlyCount "86"]
[EventDate "2014.03.13"]
[EventType "swiss"]
[EventRounds "7"]
[EventCountry "COL"]
[SourceTitle "CBM 159 Extra"]
[Source "ChessBase"]
[SourceDate "2014.04.24"]
[SourceVersion "1"]
[SourceVersionDate "2014.04.24"]
[SourceQuality "1"]

1. d4 Nf6 2. Nf3 g6 3. Bf4 Bg7 4. e3 0-0 5. h3 d5 6. Bd3 c5 7. c3 b6 8. 0-0 Ba6 9. Re1 Bxd3 10. Qxd3 Qc8 11. Nbd2 Nc6 12. Bh2 Rd8 13. Qc2 Qb7 14. Nb3 Ne4 15. Nfd2 Nxd2 16. Qxd2 c4 17. Nc1 b5 18. b3 a5 19. bxc4 dxc4 20. Rb1 b4 21. Qc2 Qb5 22. Ne2 e5 23. Rec1 Rac8 24. cxb4 Nxb4 25. a3 Nxc2 26. Rxb5 exd4 27. exd4 Nxd4 28. Nxd4 Bxd4 29. Be5 c3 30. Bxd4 Rxd4 31. Kf1 c2 32. Re5 Rd1+ 33. Re1 Rd3 34. Re2 Rdc3 35. Ke1 Kg7 36. Kd2 Rxa3 37. Re5 Ra2 38. Rd5 a4 39. Rd4 a3 40. Rd3 Ra8 41. Rc3 Rb2 42. Ra1 Rd8+ 43. Ke3 Rb1 0-1

[Event "Medellin Navideno op"]
[Site "Medellin"]
[Date "2013.12.20"]
[Round "5"]
[White "Blandon Villa, Diego F"]
[Black "Valderrama Quiceno, Esteban Alberto"]
[Result "0-1"]
[WhiteElo "2161"]
[BlackElo "2238"]
[PlyCount "90"]
[EventDate "2013.12.18"]
[EventType "swiss"]
[EventRounds "9"]
[EventCountry "COL"]
[SourceTitle "CBM 158 Extra"]
[Source "ChessBase"]
[SourceDate "2014.02.28"]
[SourceVersion "1"]
[SourceVersionDate "2014.02.28"]
[SourceQuality "1"]

1. e4 c5 2. Nf3 d6 3. d4 cxd4 4. Nxd4 Nf6 5. Nc3 e6 6. Be3 a6 7. f3 Be7 8. Qd2 h5 9. Bc4 Qc7 10. Bb3 Nc6 11. 0-0 Bd7 12. Rad1 Na5 13. Bg5 Rc8 14. Kh1 b5 15. a3 Nc4 16. Bxc4 Qxc4 17. f4 a5 18. e5 b4 19. axb4 axb4 20. exf6 bxc3 21. fxg7 Rg8 22. Qe3 f6 23. b3 Qc5 24. Bh6 e5 25. fxe5 dxe5 26. Nf5 Qxe3 27. Nxe3 Bb5 28. Rf5 Kf7 29. Nd5 Rcd8 30. Rf2 Bc6 31. Nxc3 Rxd1+ 32. Nxd1 Kg6 33. Bd2 Rxg7 34. b4 Bd8 35. c4 Rd7 36. b5 Be4 37. Ne3 Bb6 38. Re2 f5 39. Bc3 Rd3 40. Bd2 f4 41. Nf1 Kf5 42. h3 Rxh3+ 43. Nh2 Rb3 44. Be1 Bd3 45. Rd2 Rb1 0-1